000 01233nam a2200373 i 4500
001 11194
003 KOSZ 005
005 20230213132114.0
008 070723s1967 pl a f f 000 0 pol
015 _aPB 1970/7769
040 _aWA N
_cWA N
_dKOSZ 005/RW
_dKOSZ 005/HR
046 _k1967
080 _a669
080 _a621
080 _a(075)
100 1 _aOkoniewski, Stefan
_d(1914-2004)
_eAutor
245 1 0 _aTechnologia metali.
_nCz. 3 /
_cStefan Okoniewski.
250 _aWyd. 7.
260 _aWarszawa :
_bPaństwowe Wydawnictwo Szkolnictwa Zawodowego,
_c1967.
300 _a173, [2] s. :
_bil. ;
_c25 cm.
336 _2rdacontent
_aTekst
_btxt
337 _2rdamedia
_aBez urządzenia pośredniczącego
_bn
338 _2rdacarrier
_aWolumin
_bnc
380 _aKsiążki
388 _a1901-2000
388 _a1945-1989
521 8 _aDla kl. 3 i 4 techników.
650 4 _aObróbka metali
655 4 _aPodręczniki dla szkół zawodowych
658 _aInżynieria i technika
710 2 _aPaństwowe Wydawnictwo Szkolnictwa Zawodowego
_4pbl.
856 _uhttp://koha.tu.koszalin.pl/cgi-bin/koha/opac-detail.pl?biblionumber=11194
_yKatalog online BPK
942 _2UKD
_cKS
999 _c11194
_d11194